| 000 | 00829nam a22002417a 4500 | ||
|---|---|---|---|
| 003 | KOHA_MİRAKIL | ||
| 005 | 20260420124323.0 | ||
| 008 | 260420b tu ||||| |||| 00| 0 tur d | ||
| 020 | _a9786259384320 | ||
| 040 |
_aTR-AnABB _btur _cTR-AnABB |
||
| 041 | _atur | ||
| 082 |
_a711.409 561 _bPLA 2025 |
||
| 245 | 0 | 0 |
_aPlanlama, politika uygulama ve deneyimler : _bbir Semahat Özdemir kitabı / _ceditör: Nilgün Kiper |
| 250 | _a1. baskı | ||
| 260 |
_aAnkara : _bİdealkent Yayınları, _c2025 |
||
| 300 |
_a316 sayfa ; _c20 cm |
||
| 490 | 0 |
_aİdealkent Yayınları ; _v105 |
|
| 500 | _aSemahat Özdemir tarafından Prof. Dr. Ruşen Keleş için imzalanmıştır. | ||
| 650 | 0 | 4 | _aŞehir planlama, Türkiye, Tarih |
| 650 | 0 | 4 | _aŞehir planlama |
| 700 | 1 |
_aKiper, Nilgün, _eeditör _93527 |
|
| 942 |
_2ddc _cBK |
||
| 999 |
_c10300 _d10300 |
||
| 900 | _bCan ÇELIK | ||